Лимиты народно-хозяйственного планп на 1932 г.

Доступно только в Электронных читальных залах Найти на картеНа карте
RUSMARC
00003817nmc2a22002653x 450
001d12d7c9b-20d0-4d5c-ac81-f4f33e5a7fda
00520230113171905.0
100##$a20221117l1931 k y0rusy50 ca
1010#$arus
102##$aRU
105##$aa z |||||
1220#$ad19311231
1220#$ad1932
2001#$aЛимиты народно-хозяйственного планп на 1932 г.
$j1931
215##$a108 листов
$cтабл.
251##$cДело
300##$aЗаголовок дела на папке: Лимиты народно-хозяйственного плана на 1932 г. Таджикская ССР
300##$aМашинописный текст
461#0$1001796d4672-8a00-4986-b488-6e42273792cc
$12001
$aЦЕНТРАЛЬНЫЙ ИСПОЛНИТЕЛЬНЫЙ КОМИТЕТ СССР (ЦИК СССР).
$1251
$cФонд
$1852
$gР
$j3316
462#0$100158bf05d7-460a-41ec-bd21-5c4fde193abd
$12001
$aДела Секретариата Президиума ЦИК Союза ССР. 1931 г.
$vД. 626б
$1251
$cОпись
$1852
$j24
5171#$aЛимиты народно-хозяйственного плана на 1932 г. Таджикская ССР
60101$3RU\NLR\AUTH\880357276
$aСССР
$bЦИК
801#0$aRU
$bGA_RF
801#1$aRU
$bГлавНИВЦ
$c20221117
$2rusmarc
801#2$aRU
$bПБ им. Б.Н. Ельцина
$c20230113
$gRCR
$2rusmarc
852##$aГА РФ
$j626
$lб
937##$d182078261
$hГАРФ
035##$aRuPRLIB51070530
856##$uhttp://readingroom.main.prlib.ru/item.aspx?id_node=n182078261&mode=full
Формат отображения